00582nam a2200205Ia 450000500170000000800460001703700110006304000080007404000080008204000080009004100080009804100080010608400080011410000590012224500890018126000090027030000100027965000140028970000730030320260430150446.0008 250103s9999 xx 000 0 eng d aTheses aCRL beng ceng 2eng aeng qCRL aSarita Kumar Au.; Babu Sunil Gu.; Dasgupta Abhijit Gu. 0aUntouchables as Coustodians of Salvation: A Study of Doms in Varanasi, Uttar Pradesh c2023 a243p. aSociology aUniversity of Delhi. Faculty of Social Sciences. Deptt. of Sociology